000
00322nam a22001457a 4500
003
SGT
020
_a
938426614-0
082
_a
615
_b
ALI
100
_a
ALI, DR. JAVED
245
_a
PHARMACEUTICS -I PRACTICAL MANUAL
260
_a
INDIA
_b
BIRLA PUB.
_c
2024
300
_a
153
650
_a
PHARMACEUTICS
942
_2
ddc
_c
BK
999
_c
32962
_d
32962